01057pab a2200145 454500008004000000100002100040245004300061260000900104300001500113362001200128520068300140650002600823650001800849773004400867180718b2006 xxu||||| |||| 00| 0 eng d aChaturvedi, B.K. aCitizens public service and excellence c2006 ap.299-306. aJul-Sep aIndia's public service sphere is into a new dynamics. There are rising expectations. Simply put, economy and society have witnessed rapid transformation, more so in recent years and in ways quite unimaginable a few decades from now. There is a big question mark regarding our preparedness as a society and as a nation to the changes that have swept all spheres of lives and activities. The real issue today is: are the public services, on the right track? Is the executive arm of government sufficiently concerned and caring about the needs of the citizens and the under-privileged? Is excellence in public service being pursued with a strong enough determination? - Reproduced. aCivil service - India aCivil service aIndian Journal of Public Administration